1348 1940 1044 1934 1574 1768 1473 1141 1644 1763 1723 1688 1424 1489 1165 1770 1572 1721 1030 1588 1387 1871 1129 1044 1532 1741 1190 1882 1186 1826 1490 1865 1304 1679 1239 1941 1623 1485 1824 1526 1337 1610 1695 1141 1862 1231 1562 1414 1681 1201 1359 1545 1953 1735 1560 1130 1527 1424 1231 1101 1532 1444 1429 1959 1952 1030 1301 1293 1606 1029 1288 1062 1901 1036 1051 1224 1472 1677 1527 1011 1795 1790 1618 1351 1110 1389 1540 1214 1940 1572 1390 1574 1464 1763 1886 1470 1817 1778 1342 BCNSPRNW ULIB Ver.6.0+V

เปลี่ยนเป็นภาษาไทย

Change to English
 แสดงรายละเอียดบรรณานุกรม
  กลับหน้าหลัก

Brief Record : Get Marc (ISO 2709) : E-mail record : QR code < ปิดหน้าต่าง
LEADER : 00000nam 2200000uu 4500
001    13399108289
003     ULIB
008    110227s2541||||th 000 0 tha d
020    9745558222
060  4 WA308^bร727ก 2541
100 0  รุจา ภู่ไพบูลย์
245 00 การพยาบาลครอบครัว แนวคิด ทฤษฏี และการนำไปใช้^cรุจา ภู่ไพบูลย์
250    พิมพ์ครั้งที่ 3
260    ขอนแก่น^bขอนแก่นการพิมพ์^c2541
300    251 หน้า
650  7 การพยาบาลครอบครัว
650  7 ครอบครัว
650  7 ทฤษฏีการดูแลตนเองของโอเร็ม
650  7 ทฤษฏีการพยาบาลครอบครัว
650  7 ทฤษฏีปฏิสัมพันธ์ของคิง
650  7 ทฤษฏีระบบดูแลสุขภาพของนิวแมน
700 0  รุจา ภู่ไพบูลย์
945    ^p0^l0^i13209
945    ^p0^l0^i13210
995    เกษร
999    ^aใช้งานได้ทุกระบบ
รายการนี้ยังไม่มีแท็ก
คุณยังไม่ได้ล็อกอิน คุณสามารถมีกิจกรรมร่วมกับเว็บไซต์ได้ แต่ต้องล็อกอินก่อน ::
  ล็อกอิน

รายการสื่อสารสนเทศ

ลำดับที่ ประเภท เลขเรียก/บาร์โค้ด สถานที่ สถานะ
1. วิทยาศาสตร์การแพทย์ และสุขภาพ
วิทยาศาสตร์การแพทย์ และสุขภาพ
WA308 ร727ก 2541 ฉ.2 
  Barcode: 13210
ห้องสมุดวิทยาเขตสวรรค์ประชารักษ์
►หนังสือทั่วไป
บนชั้น

รายการใกล้เคียง
    ผู้แต่ง [รุจา ภู่ไพบูลย์]

    หัวเรื่อง [การพยาบาลครอบครัว]
    หัวเรื่อง [ครอบครัว]
    หัวเรื่อง [ทฤษฏีการดูแลตนเองของโอเร็ม]
    หัวเรื่อง [ทฤษฏีการพยาบาลครอบครัว]
    หัวเรื่อง [ทฤษฏีปฏิสัมพันธ์ของคิง]
    หัวเรื่อง [ทฤษฏีระบบดูแลสุขภาพของนิวแมน]

BibComment


ยังไม่เคยถูกคอมเมนท์

คอมเมนท์ทรัพยากรรายการนี้
  คอมเมนท์: การพยาบาลครอบครัว..


 Copyright 2026. Bcnsprnw @Library